| 000 | 02139nam0a2200445 4500 | ||
|---|---|---|---|
| 001 | RU\NLR\bibl\391519 | ||
| 005 | 20090115121620.0 | ||
| 010 |
_a5-7533-0239-4 _93000 |
||
| 021 |
_aRU _b2003-6966 _9322 |
||
| 035 | _a(NLR Aleph) 000385815 | ||
| 090 |
_a484450 _c484450 |
||
| 100 | _a20030408d2003 u y0rusy50 ca | ||
| 101 | 0 | _arus | |
| 102 | _aRU | ||
| 105 | _aa ||||||||| | ||
| 200 | 1 |
_aСвятитель Игнатий _eЕго жизнь, личность и морал.-аскет. воззрения _fЛеонид Соколов |
|
| 205 | _aРепр. изд. | ||
| 210 |
_aМ. _cИзд-во Сретен. монастыря _d2003 |
||
| 215 |
_a290 с., [8] л. ил. _d24 |
||
| 320 | _aУказ. собств. имен и важнейших предметов: с. 281-290 | ||
| 600 | 0 |
_aИгнатий _cБрянчанинов, Дмитрий Александрович _cепископ Кавказский и Черноморский _f1807 - 1867 _92096722 _3RU\NLR\auth\661268544 |
|
| 600 | 1 |
_aБрянчанинов _bД.А. _f1807 - 1867 _gДмитрий Александрович _92074567 _3RU\NLR\auth\661249572 |
|
| 606 | 0 |
_aАскетизм православный _92175075 _3RU\NLR\auth\661308174 |
|
| 610 | 0 | _aПравославная церковь в России - История | |
| 610 | 0 | _aХристианская мораль | |
| 675 |
_a271.22 _v3 _zrus |
||
| 686 |
_a21.15 _2rugasnti |
||
| 686 |
_a86.372 _2rubbk |
||
| 686 | _aЭ372.24-35-028 | ||
| 686 | _aЭ372.24-438 | ||
| 700 | 1 |
_4070 _7ca _8rus _aСоколов _bЛ. А. _cдухов. писатель _fок.1874-1921 _gЛеонид Александрович _936089 _3RU\NLR\auth\7753156 |
|
| 702 | 0 |
_4570 _7ca _8rus _aИгнатий _cБрянчанинов, Дмитрий Александрович _cепископ Кавказский и Черноморский _f1807-1867 _9111911 _3RU\NLR\AUTH\771894 |
|
| 801 | 0 |
_aRU _bRKP _c20030408 _gPSBO |
|
| 801 | 1 |
_aRU _bRKP _c20030408 |
|
| 801 | 2 |
_aRU _bNLR _c20090115 _grcr |
|
| 942 | _cBOOK | ||
| 980 | _aNB | ||